Loading...
Science - Chemistry | 0 | 4 | 0 | 0 | 40 | 86 | 121.75 | 0 | 0 |
Science - Other Science | 0 | 3 | 0 | 0 | 30 | 93 | 109.67 | 0 | 0 |
History - Other History | 0 | 2 | 0 | 0 | 20 | 62 | 77.00 | 0 | 1 |
Science - Physics | 0 | 2 | 1 | 0 | 15 | 91 | 120.00 | 0 | 0 |
Fine Arts - Classical Music | 0 | 1 | 0 | 1 | 10 | 144 | 144.00 | 0 | 0 |
Fine Arts - Painting & Sculpture | 0 | 1 | 0 | 0 | 10 | 124 | 124.00 | 0 | 0 |
Geography | 0 | 1 | 0 | 0 | 10 | 116 | 116.00 | 0 | 0 |
Science - Biology | 0 | 0 | 1 | 0 | -5 | 0.00 | 0 | 0 | |
Literature - European Literature | 0 | 0 | 1 | 0 | -5 | 0.00 | 0 | 0 | |
Literature - British Literature | 0 | 0 | 1 | 0 | -5 | 0.00 | 0 | 0 | |
Literature - American Literature | 0 | 0 | 1 | 0 | -5 | 0.00 | 0 | 0 |